000 00794nam a2200229 a 4500
001 000030352
005 20200930062253.0
008 110510s2011 dr a 001 0 spa d
020 _a9789945452327
040 _aDO-SdBNP
_bspa
_cBNPHU
082 _a658.047
_bS718d
100 1 _aSoto, Víctor
_957002
245 1 0 _aDirección, administración y contabilidad cooperativa /
_cVíctor Soto.
260 _aSanto Domingo :
_bEl Nuevo Diario,
_c2011.
300 _a205 p. :
_bil. ;
_c21 cm.
504 _aBibliografía: p.203-205.
590 _aInventariado, 2018/ YL
650 4 _aCooperativas
_zRepública Dominicana
_96532
650 4 _aCooperativas
_xContabilidad
_zRepública Dominicana
_957003
650 4 _aAdministracion de cooperativas
_921613
910 _aValidado. Control de calidad EMS
999 _c29844
_d29844